| 000 | 00569nam a2200217Ia 4500 | ||
|---|---|---|---|
| 008 | 160819s9999 xx 000 0 und d | ||
| 020 | _a978-1-910561-01-0 | ||
| 050 | _aREF AG 243 | ||
| 050 | _b.G85 2015 | ||
| 245 | _aGuinness world records 2016 / | ||
| 245 | _cCraig Glenday, editor. | ||
| 260 | _aLondon : | ||
| 260 | _bGuinness World Records Limited, | ||
| 260 | _c2015 | ||
| 300 | _a255 pages : | ||
| 300 | _bcolored illustrations ; | ||
| 300 | _c30 cm. | ||
| 500 | _aIncludes index | ||
| 650 | _aCuriosities and wonders. | ||
| 650 | _xWord records. | ||
| 999 |
_c300624 _d300624 |
||